00878cam a2200253 a 4500008004100000020002000041100001900061245007600080250001200156260003300168300004700201500010600248504005100354650001800405650003300423650002900456650004300485650002700528700002300555700001900578003000100597005001700598040000900615  a0727915223(pbk)1 aBeevers, D. G.10aABC of hypertension /cGareth Beevers, Gregory Y. H. Lip, Eoin O'Brien. a4th ed. aLondon :bBMJ Books,cc2001. aviii, 108 p. :bill. (some col.) ;c30 cm. aRev. ed. of: ABC of hypertension / Eoin O'Brien, D. Gareth Beevers, Howard J. Marshall. 3rd ed. 1995. aIncludes bibliographical references and index. 0aHypertension. 0aBlood pressurexMeasurement.12aHypertensionxdiagnosis.22aBlood Pressure Determinationxmethods.22aHypertensionxtherapy.1 aLip, Gregory Y. H.1 aO'Brien, Eoin.20230120204016.0 cNUST